[Event "TCh-HUN 2024-25"]
[Site "Hungary HUN"]
[Date "2025.05.09"]
[Round "7.6"]
[White "Gombocz, Ferenc Jr."]
[Black "Papp, Levente"]
[Result "1/2-1/2"]
[WhiteTitle "FM"]
[BlackTitle "FM"]
[WhiteElo "2333"]
[BlackElo "2367"]
[WhiteTeam "Haladas VSE"]
[BlackTeam "MTK Budapest"]
[WhiteFideId "775029"]
[BlackFideId "751243"]
[EventDate "2024.11.02"]

1. d4 Nf6 2. c4 e6 3. Nf3 c5 4. d5 b5 5. dxe6 fxe6 6. cxb5 d5 7. Nc3 Nbd7 8. e4
d4 9. Nb1 Nxe4 10. Bd3 Bb7 11. O-O Ndf6 12. Re1 Qd5 13. Nbd2 Nxd2 14. Bxd2 Be7
15. Rc1 Qd6 16. Ng5 e5 17. Qe2 O-O 18. b4 cxb4 19. Qxe5 Qxe5 20. Rxe5 Bd6 21.
Bc4+ Kh8 22. Re6 Rad8 23. Rxd6 Rxd6 24. Bxb4 Bd5 25. Bxd5 Rxd5 26. Bxf8 Rxg5 27.
Bc5 d3 28. Bxa7 Rxb5 29. Bd4 Ra5 30. Ra1 d2 31. Kf1 Rxa2 32. Ke2 Rxa1 33. Bxa1
Ng4 34. h3 Nxf2 35. Kxd2 Ne4+ 1/2-1/2

[Event "TCh-HUN 2024-25"]
[Site "Hungary HUN"]
[Date "2025.05.09"]
[Round "7.7"]
[White "Juhasz, Armin"]
[Black "Sardy, Peter Dr."]
[Result "1/2-1/2"]
[WhiteTitle "IM"]
[BlackTitle "FM"]
[WhiteElo "2379"]
[BlackElo "2353"]
[WhiteTeam "MTK Budapest"]
[BlackTeam "Haladas VSE"]
[WhiteFideId "724270"]
[BlackFideId "720143"]
[EventDate "2024.11.02"]

1. d4 d6 2. Nf3 g6 3. c4 Bg7 4. e4 Nc6 5. d5 Nb8 6. h3 Nd7 7. Bd3 e6 8. O-O a5
9. Bc2 Ne7 10. Nc3 O-O 11. Bd2 Nb6 12. b3 c6 13. dxc6 bxc6 14. Rc1 Nd7 15. Na4
Qc7 16. Bc3 e5 17. Qd2 c5 18. Rfd1 Ra6 19. Bb2 Nf6 20. Nc3 Ne8 21. Qg5 f6 22.
Qh4 Be6 23. Nh2 h5 24. Qg3 Bh6 25. Rb1 g5 26. Nb5 Qc8 27. Bc1 Ng6 28. Nf1 Rf7
29. Nc3 Rh7 30. Ne3 h4 31. Qf3 Bf8 32. Nf5 Raa7 33. Nd5 Nf4 34. Nde3 Raf7 35.
Ng4 Qb7 36. Kh2 Kh8 37. Bd2 Qc6 38. a3 Qa8 39. a4 Ra7 40. Nge3 1/2-1/2

[Event "TCh-HUN 2024-25"]
[Site "Hungary HUN"]
[Date "2025.05.09"]
[Round "7.8"]
[White "Balint, Peter"]
[Black "Ongut, Tamas Gunes"]
[Result "1-0"]
[WhiteTitle "FM"]
[BlackTitle "FM"]
[WhiteElo "2393"]
[BlackElo "2215"]
[WhiteTeam "Haladas VSE"]
[BlackTeam "MTK Budapest"]
[WhiteFideId "1660713"]
[BlackFideId "770280"]
[EventDate "2024.11.02"]

1. e4 e5 2. Nf3 Nc6 3. Bb5 a6 4. Ba4 Nf6 5. O-O Be7 6. d3 b5 7. Bb3 d6 8. a4 Bd7
9. c3 O-O 10. Nbd2 h6 11. Re1 Re8 12. Nf1 Bf8 13. h3 Na5 14. Bc2 c5 15. Ne3 Nc6
16. Nh2 Be6 17. Nhg4 Nxg4 18. hxg4 b4 19. Bb3 bxc3 20. bxc3 Rb8 21. Bd5 Bxd5 22.
Nxd5 Ne7 23. Ne3 Qd7 24. c4 Nc6 25. g3 Be7 26. Nf5 Nd4 27. Kg2 Qb7 28. Be3 Qb3
29. Bxd4 Qxd1 30. Rexd1 cxd4 31. Rdb1 Kf8 32. f4 Rec8 33. a5 g6 34. Nxe7 Kxe7
35. fxe5 dxe5 36. Rb6 Kd7 37. Rxa6 Rb2+ 38. Kh3 Rcb8 39. Rf1 Ke8 40. Rff6 Ra2
41. Rab6 Rxb6 42. axb6 Ke7 43. c5 Kxf6 44. b7 Rb2 45. c6 Kg7 46. c7 Rxb7 47.
c8=Q Rb3 48. Qc4 Rc3 49. Qb5 Kf6 50. Kg2 Rc2+ 51. Kf1 g5 52. Qd5 1-0

[Event "TCh-HUN 2024-25"]
[Site "Hungary HUN"]
[Date "2025.05.09"]
[Round "7.9"]
[White "Matyassy, Lazar"]
[Black "Lakos, Nikoletta"]
[Result "1/2-1/2"]
[WhiteTitle "CM"]
[BlackTitle "WGM"]
[WhiteElo "2234"]
[BlackElo "2184"]
[WhiteTeam "MTK Budapest"]
[BlackTeam "Haladas VSE"]
[WhiteFideId "17005167"]
[BlackFideId "705128"]
[EventDate "2024.11.02"]

1. e4 c5 2. Nc3 Nc6 3. Nge2 Nd4 4. d3 g6 5. Nd5 Bg7 6. c3 Nxe2 7. Bxe2 e6 8. Ne3
Ne7 9. O-O d5 10. f4 d4 11. cxd4 Qxd4 12. Kh1 O-O 13. Nc4 b6 14. Rb1 Bb7 15. Be3
Qd7 16. Ne5 Qc7 17. b4 cxb4 18. Qa4 f6 19. Rfc1 Qd8 20. Nc4 Nc6 21. a3 Nd4 22.
Bxd4 Qxd4 23. Qxb4 Rfd8 24. Na5 Qxb4 25. Rxb4 Ba6 26. Nc6 Rd7 27. Bg4 f5 28.
exf5 gxf5 29. Bf3 Re8 30. d4 Bb7 1/2-1/2

[Event "TCh-HUN 2024-25"]
[Site "Hungary HUN"]
[Date "2025.05.09"]
[Round "7.10"]
[White "Csontos, Aron"]
[Black "Terbe, Zsuzsanna"]
[Result "0-1"]
[BlackTitle "WIM"]
[WhiteElo "2224"]
[BlackElo "2160"]
[WhiteTeam "Haladas VSE"]
[BlackTeam "MTK Budapest"]
[WhiteFideId "17004420"]
[BlackFideId "708801"]
[EventDate "2024.11.02"]

1. e4 c5 2. Nf3 Nc6 3. d4 cxd4 4. Nxd4 Nf6 5. Nc3 e5 6. Ndb5 d6 7. Nd5 Nxd5 8.
exd5 Nb8 9. a4 Be7 10. Be2 O-O 11. Bd2 Bf5 12. O-O Be4 13. c4 a5 14. f4 Nd7 15.
f5 g6 16. Bh6 Bxf5 17. Bxf8 Bxf8 18. Bg4 Bxg4 19. Qxg4 Nc5 20. Qf3 f5 21. g4 f4
22. Kh1 Be7 23. Nc3 Qd7 24. Ne4 Nxe4 25. Qxe4 Qxg4 26. Rg1 Qh5 27. c5 Kf7 28. c6
Qf5 29. Qxf5+ gxf5 30. c7 Rc8 31. Rac1 e4 32. Kg2 Bf6 33. Rgf1 f3+ 34. Kg3 Be5+
35. Kf2 Bd4+ 36. Kg3 Be3 37. Rc4 Kf6 38. Re1 f4+ 39. Kg4 Ke5 40. b3 f2 41. Rd1
Bd2 42. Rf1 Be1 43. h4 h5+ 44. Kh3 e3 45. Kg2 e2 46. Rxf2 Bxf2 47. Kxf2 f3 48.
Rc3 Kxd5 49. Rxf3 Rxc7 50. Kxe2 Re7+ 51. Kd3 Kc5 52. Rf4 Re5 53. Rc4+ Kd5 54.
Rc7 b6 55. Rc4 Rf5 56. Rd4+ Ke6 57. Ke3 Rc5 58. b4 Rc3+ 59. Kd2 Ra3 60. bxa5
bxa5 61. Rc4 Kd5 62. Rf4 Ke5 63. Rf8 Rxa4 64. Ra8 Rxh4 65. Rxa5+ d5 66. Ra8 Rh2+
67. Kd3 Rh3+ 68. Ke2 h4 69. Rh8 Kd4 70. Rh7 Rh2+ 71. Ke1 Kd3 72. Ra7 d4 73. Rc7
h3 74. Rh7 Re2+ 75. Kd1 Rd2+ 76. Kc1 Rh2 77. Rh8 Rh1+ 78. Kb2 Kd2 79. Rd8 d3 80.
Re8 h2 81. Rh8 Ke3 82. Re8+ Kf4 83. Rf8+ Ke5 84. Kc3 Rc1+ 0-1

[Event "TCh-HUN 2024-25"]
[Site "Hungary HUN"]
[Date "2025.05.10"]
[Round "8.1"]
[White "Erdos, Viktor"]
[Black "Sjugirov, Sanan"]
[Result "1/2-1/2"]
[WhiteTitle "GM"]
[BlackTitle "GM"]
[WhiteElo "2533"]
[BlackElo "2649"]
[WhiteTeam "MTK Budapest"]
[BlackTeam "Sentimento Ajka BSK"]
[WhiteFideId "719978"]
[BlackFideId "4189302"]
[EventDate "2024.11.02"]

1. e4 e5 2. Nf3 Nc6 3. Bb5 Nf6 4. O-O Nxe4 5. Re1 Nd6 6. a4 Be7 7. Nc3 a6 8. Bf1
e4 9. Nxe4 Nxe4 10. Rxe4 d5 11. Re1 d4 12. Bd3 Be6 13. Be4 O-O 14. d3 Bd5 15.
Bf4 Bb4 16. Bxh7+ Kxh7 17. Ng5+ Kg6 18. Qg4 f5 19. Qg3 Kf6 20. Nh7+ Kf7 21. Ng5+
Kf6 22. Nh7+ Kf7 23. Ng5+ Kf6 24. Nh7+ 1/2-1/2

[Event "TCh-HUN 2024-25"]
[Site "Hungary HUN"]
[Date "2025.05.10"]
[Round "8.2"]
[White "Banusz, Tamas"]
[Black "Sahidi, Samir"]
[Result "1/2-1/2"]
[WhiteTitle "GM"]
[BlackTitle "IM"]
[WhiteElo "2576"]
[BlackElo "2485"]
[WhiteTeam "Sentimento Ajka BSK"]
[BlackTeam "MTK Budapest"]
[WhiteFideId "722413"]
[BlackFideId "14936372"]
[EventDate "2024.11.02"]

1. Nf3 d5 2. g3 Nf6 3. Bg2 c5 4. O-O Nc6 5. d4 e6 6. c4 dxc4 7. dxc5 Qxd1 8.
Rxd1 Bxc5 9. Nbd2 c3 10. bxc3 Bd7 11. Ne1 Rc8 12. Nd3 Be7 13. Nb3 b6 14. a4 O-O
15. a5 Nxa5 16. Nxa5 bxa5 17. Rxa5 Rxc3 18. Bb2 Rc2 19. Rxa7 Bb5 20. Bd4 Bxd3
21. Rxd3 Rc1+ 22. Bf1 Re8 23. Kg2 Rcc8 24. Rb3 Bc5 25. Bxc5 Rxc5 26. Rbb7 Rf8
27. e3 Rcc8 28. Ba6 Rb8 29. Rc7 Nd5 30. Rcb7 Rxb7 31. Bxb7 Nf6 32. Ra8 Rxa8 33.
Bxa8 Kf8 34. e4 e5 35. f4 Ke7 36. Kf3 1/2-1/2

[Event "TCh-HUN 2024-25"]
[Site "Hungary HUN"]
[Date "2025.05.10"]
[Round "8.3"]
[White "Juhasz, Agoston"]
[Black "Prohaszka, Peter2"]
[Result "0-1"]
[WhiteTitle "IM"]
[BlackTitle "GM"]
[WhiteElo "2432"]
[BlackElo "2545"]
[WhiteTeam "MTK Budapest"]
[BlackTeam "Sentimento Ajka BSK"]
[WhiteFideId "778346"]
[BlackFideId "726265"]
[EventDate "2024.11.02"]

1. e4 c6 2. d4 d5 3. e5 Bf5 4. h4 h6 5. Bd3 Bxd3 6. cxd3 e6 7. Nc3 h5 8. Nf3 Ne7
9. g3 Nf5 10. Kf1 a5 11. Kg2 Qb6 12. Ne2 Na6 13. Bg5 Nc7 14. Qd2 a4 15. Rac1 Nb5
16. Qf4 a3 17. b3 Bb4 18. g4 hxg4 19. Qxg4 Kd7 20. h5 Raf8 21. Be3 Qa5 22. Rc2
Rhg8 23. Ng3 Nh6 24. Bxh6 gxh6 25. Qf4 Bc3 26. Rh4 Rh8 27. Rg4 Qd8 28. Rg7 Qe7
29. Kh3 Bb2 30. Ne2 Ke8 31. Qg4 Kd8 32. Rd2 Kc7 33. Nf4 Nc3 34. Nxe6+ Kb6 35.
Nxf8 Rxf8 36. Ne1 Nxa2 37. Nc2 Nc3 38. Nxa3 Bxa3 39. f4 Qb4 40. f5 Ne4 41. Rh2
Qc3 42. Qf3 Bc1 43. Kg2 Ng5 0-1

[Event "TCh-HUN 2024-25"]
[Site "Hungary HUN"]
[Date "2025.05.10"]
[Round "8.4"]
[White "Pechac, Jergus"]
[Black "Pribelszky, Bence"]
[Result "1-0"]
[WhiteTitle "GM"]
[BlackTitle "IM"]
[WhiteElo "2598"]
[BlackElo "2395"]
[WhiteTeam "Sentimento Ajka BSK"]
[BlackTeam "MTK Budapest"]
[WhiteFideId "14926970"]
[BlackFideId "769738"]
[EventDate "2024.11.02"]

1. e4 c5 2. Nf3 e6 3. d4 cxd4 4. Nxd4 Nc6 5. Nc3 Qc7 6. Be3 a6 7. a3 Be7 8. f4
b5 9. Nxc6 dxc6 10. Qd4 Nf6 11. e5 c5 12. Qd1 Nd7 13. Qg4 O-O 14. Be2 f5 15. Qh3
Bb7 16. Rg1 b4 17. Nd1 Nb6 18. g4 Be4 19. c4 Qc6 20. Nf2 Na4 21. gxf5 exf5 22.
axb4 cxb4 23. Nxe4 fxe4 24. Qg4 g6 25. f5 Nxb2 26. fxg6 hxg6 27. Qh5 Kf7 28.
Qh7+ Ke8 29. Rxg6 Qd7 30. Qh5 Kd8 31. Bb6+ Kc8 32. Bg4 Nd3+ 33. Kd2 1-0

[Event "TCh-HUN 2024-25"]
[Site "Hungary HUN"]
[Date "2025.05.10"]
[Round "8.5"]
[White "Papp, Levente"]
[Black "Balog, Imre"]
[Result "0-1"]
[WhiteTitle "FM"]
[BlackTitle "GM"]
[WhiteElo "2367"]
[BlackElo "2618"]
[WhiteTeam "MTK Budapest"]
[BlackTeam "Sentimento Ajka BSK"]
[WhiteFideId "751243"]
[BlackFideId "728446"]
[EventDate "2024.11.02"]

1. c4 Nf6 2. g3 e6 3. Nf3 d5 4. Bg2 dxc4 5. O-O a6 6. Qc2 Nbd7 7. a4 Rb8 8. Qxc4
b5 9. Qc2 Bb7 10. d4 Bd6 11. Bg5 O-O 12. axb5 axb5 13. Nc3 c5 14. d5 exd5 15.
Nxb5 Be7 16. Bf4 Rc8 17. Na7 Ra8 18. Qb3 Qb6 19. Qxb6 Nxb6 20. Ne5 Rfe8 21. Nb5
Bf8 22. Nc7 Rxa1 23. Rxa1 Re7 24. Nb5 h6 25. Nd3 Rxe2 26. Ra7 Bc8 27. Nc3 Re8
28. Bc7 Bf5 29. Bxb6 Bxd3 30. h3 d4 31. Nd5 Bc4 32. Nxf6+ gxf6 33. Bf3 Rb8 34.
Rb7 Rxb7 35. Bxb7 Bd6 36. f4 f5 37. Kf2 Kg7 38. Bc6 Kf6 39. Bb7 Ke7 40. Bc6 Ke6
41. Bb7 Bd5 42. Bc8+ Kf6 43. Ba6 Ke7 44. Bb5 Ke6 45. Ba7 Be7 46. Ke2 Bb3 47. Be8
Bc4+ 48. Kf2 Bf8 49. Ke1 Bb3 50. Kd2 Ke7 51. Bb5 Kd6 52. Bb6 Kd5 53. Bd3 Kc6 54.
Ba5 Be6 55. Kc1 c4 56. Be2 Bc5 57. Bd2 Bd5 58. g4 d3 59. Bf1 Bd4 60. Bc3 Bxc3
61. bxc3 fxg4 62. hxg4 Bf3 63. g5 hxg5 64. fxg5 Kd5 65. Kd2 Ke5 66. Bh3 Bd5 67.
Ke3 Be6 68. g6 fxg6 69. Bg2 g5 70. Be4 g4 71. Bg6 Bd5 0-1

[Event "TCh-HUN 2024-25"]
[Site "Hungary HUN"]
[Date "2025.05.10"]
[Round "8.6"]
[White "Neugebauer, Martin"]
[Black "Juhasz, Armin"]
[Result "1-0"]
[WhiteTitle "IM"]
[BlackTitle "IM"]
[WhiteElo "2525"]
[BlackElo "2379"]
[WhiteTeam "Sentimento Ajka BSK"]
[BlackTeam "MTK Budapest"]
[WhiteFideId "14923432"]
[BlackFideId "724270"]
[EventDate "2024.11.02"]

1. e4 c6 2. d4 d5 3. f3 e6 4. Nc3 Bb4 5. Bd2 Ne7 6. Nce2 Bxd2+ 7. Qxd2 Nd7 8. e5
c5 9. c3 Qa5 10. f4 Nb6 11. b3 Bd7 12. a4 Rc8 13. Nf3 Nc6 14. dxc5 Qxc5 15. a5
Na8 16. b4 Qe7 17. Ng3 a6 18. Bd3 O-O 19. O-O f5 20. Ne2 Na7 21. Nfd4 Nb5 22.
Nxb5 Bxb5 23. Bxb5 axb5 24. Nd4 Nc7 25. Qd3 Qd7 26. Kh1 Rf7 27. Rf3 Rcf8 28. Rh3
g6 29. Rg1 Qe8 30. Rh6 Rg7 31. g4 fxg4 32. Rxg4 Rff7 33. Kg2 Qd7 34. Kg1 Qe8 35.
Rh3 Qd7 36. Rhg3 Kh8 37. h4 Kg8 38. Kf2 Kh8 39. Ke2 Qe8 40. Kd2 Qf8 41. Qe3 Qe8
42. Rg2 Qd7 43. Rg5 Qe8 44. h5 gxh5 45. f5 exf5 46. e6 Rxg5 47. Qxg5 Nxe6 48.
Nxe6 h4 49. Nd8 1-0

[Event "TCh-HUN 2024-25"]
[Site "Hungary HUN"]
[Date "2025.05.10"]
[Round "8.7"]
[White "Jakab, Bela"]
[Black "Aveskulov, Valeriy"]
[Result "0-1"]
[WhiteTitle "FM"]
[BlackTitle "GM"]
[WhiteElo "2361"]
[BlackElo "2488"]
[WhiteTeam "MTK Budapest"]
[BlackTeam "Sentimento Ajka BSK"]
[WhiteFideId "14933128"]
[BlackFideId "14109743"]
[EventDate "2024.11.02"]

1. e4 c5 2. c3 g6 3. Nf3 Bg7 4. d4 cxd4 5. cxd4 d5 6. e5 Nc6 7. Nc3 Bg4 8. Bb5
Nh6 9. Bxh6 Bxh6 10. h3 Bxf3 11. Qxf3 O-O 12. Rd1 e6 13. O-O Rc8 14. Bxc6 Rxc6
15. Rd3 a6 16. Re1 Qe7 17. Qg4 Qb4 18. Re2 Bc1 19. Nd1 Rfc8 20. Rb3 Qe7 21. Rc3
Rxc3 22. Nxc3 Rc4 23. Rc2 h5 24. Qd1 Bxb2 25. Nxd5 exd5 26. Rxb2 b5 27. Rd2 Qh4
28. Rd3 a5 29. Qd2 Qe4 30. Kh2 b4 31. Rf3 Qxd4 32. Qg5 Qh4 33. Qxh4 Rxh4 34. Rd3
a4 35. Rxd5 Re4 36. Rb5 h4 37. Rb7 a3 38. g3 Rxe5 39. gxh4 Re2 40. Kg3 Rb2 41.
f3 Kf8 42. Kf4 Ke8 43. Kg5 Kd8 44. Kf6 Kc8 45. Rb5 Rb1 46. Ra5 Rb2 47. Rb5 Rb1
48. Ra5 Kc7 49. Kxf7 Kb6 50. Ra8 Rb2 51. Rb8+ Kc7 52. Rb5 Kc6 53. Rb8 Rb1 54.
Ra8 Rg1 55. Rb8 Kc5 56. Rc8+ Kd4 57. Rb8 Rb1 58. Ra8 Kc3 59. Kxg6 Kb2 60. h5
Kxa2 61. h6 Rh1 62. h7 Rxh3 63. f4 b3 64. h8=Q Rxh8 65. Rxh8 b2 66. Rh2 Kb3 67.
Rh3+ Kb4 0-1

[Event "TCh-HUN 2024-25"]
[Site "Hungary HUN"]
[Date "2025.05.10"]
[Round "8.8"]
[White "Gaal, Zsoka"]
[Black "Ongut, Tamas Gunes"]
[Result "1/2-1/2"]
[WhiteTitle "WIM"]
[BlackTitle "FM"]
[WhiteElo "2425"]
[BlackElo "2215"]
[WhiteTeam "Sentimento Ajka BSK"]
[BlackTeam "MTK Budapest"]
[WhiteFideId "777765"]
[BlackFideId "770280"]
[EventDate "2024.11.02"]

1. d4 Nf6 2. c4 e6 3. Nc3 Bb4 4. e3 O-O 5. Bd3 d5 6. a3 Be7 7. cxd5 Nxd5 8. Nf3
c5 9. O-O Nd7 10. e4 Nxc3 11. bxc3 b6 12. d5 exd5 13. exd5 Nf6 14. c4 Bg4 15.
Bb2 Ne8 16. Qe2 Nd6 17. h3 Bxf3 18. Qxf3 Bf6 19. Bxf6 Qxf6 20. Qxf6 gxf6 21. a4
Rab8 22. Rfc1 Rfc8 23. Ra3 a6 24. Rac3 h6 25. Bf1 f5 26. Rb3 Rc7 27. Rcb1 Rcb7
28. Rf3 b5 29. axb5 axb5 30. cxb5 c4 31. Rc3 Rxb5 32. Rxb5 Rxb5 33. Bxc4 Nxc4
34. Rxc4 Rxd5 1/2-1/2

[Event "TCh-HUN 2024-25"]
[Site "Hungary HUN"]
[Date "2025.05.10"]
[Round "8.9"]
[White "Matyassy, Lazar"]
[Black "Pasti, Aron"]
[Result "1-0"]
[WhiteTitle "CM"]
[BlackTitle "IM"]
[WhiteElo "2234"]
[BlackElo "2355"]
[WhiteTeam "MTK Budapest"]
[BlackTeam "Sentimento Ajka BSK"]
[WhiteFideId "17005167"]
[BlackFideId "785857"]
[EventDate "2024.11.02"]

1. e4 g6 2. d4 Bg7 3. Nf3 c6 4. Nc3 d6 5. Be2 Nf6 6. O-O O-O 7. Re1 Nbd7 8. h3
e5 9. dxe5 dxe5 10. a4 Qc7 11. Be3 Rd8 12. Qb1 Nf8 13. Qa2 Ne6 14. Ng5 Nh5 15.
Bxh5 gxh5 16. Nxe6 Bxe6 17. Qa3 Kh8 18. Rad1 Rg8 19. Kh2 Bf6 20. Bc5 Rg6 21. Bd6
Qc8 22. Ne2 Qg8 23. Rg1 h4 24. Qf3 Qg7 25. Nc1 Rg8 26. b3 Qh6 27. Nd3 Rg5 28.
Rdf1 R8g6 29. Kh1 Kg8 30. Qe3 a6 31. Qa7 Kh8 32. Qxb7 Qh5 33. Kh2 Rg8 34. Qxc6
Rg3 35. Bxe5 Bxe5 36. Nxe5 Rxh3+ 37. gxh3 Qxe5+ 38. f4 Qd4 39. Rxg8+ Kxg8 40.
Qe8+ 1-0

[Event "TCh-HUN 2024-25"]
[Site "Hungary HUN"]
[Date "2025.05.10"]
[Round "8.10"]
[White "Kolimar, Kristof Pal"]
[Black "Terbe, Zsuzsanna"]
[Result "1-0"]
[WhiteTitle "FM"]
[BlackTitle "WIM"]
[WhiteElo "2286"]
[BlackElo "2160"]
[WhiteTeam "Sentimento Ajka BSK"]
[BlackTeam "MTK Budapest"]
[WhiteFideId "798410"]
[BlackFideId "708801"]
[EventDate "2024.11.02"]

1. d4 d5 2. c4 c6 3. Nf3 Nf6 4. g3 Bf5 5. Nc3 e6 6. Nh4 dxc4 7. Nxf5 exf5 8. e3
Bd6 9. Bxc4 O-O 10. O-O Nbd7 11. a4 a5 12. f3 Bb4 13. Bd3 g6 14. e4 c5 15. d5 c4
16. Bxc4 Qb6+ 17. Kg2 Bxc3 18. bxc3 fxe4 19. Bb5 Ne5 20. fxe4 Nxe4 21. Qe2 f5
22. c4 Ng4 23. h3 Qd4 24. Ra3 Ngf6 25. Rd3 Qb6 26. Ba3 Nc5 27. Qe3 Nfe4 28. d6
Rf7 29. Rd5 Nxa4 30. Qxb6 Nxb6 31. Re5 Nd7 32. Rxe4 fxe4 33. Rxf7 Kxf7 34. Bxd7
Rd8 35. Ba4 Ke6 36. d7 b6 37. Kf2 1-0

[Event "TCh-HUN 2024-25"]
[Site "Hungary HUN"]
[Date "2025.05.10"]
[Round "8.1"]
[White "Ruck, Robert"]
[Black "Harikrishna, Pentala"]
[Result "0-1"]
[WhiteTitle "GM"]
[BlackTitle "GM"]
[WhiteElo "2516"]
[BlackElo "2695"]
[WhiteTeam "Haladas VSE"]
[BlackTeam "ASE Paks"]
[WhiteFideId "705713"]
[BlackFideId "5007003"]
[EventDate "2024.11.02"]

1. Nf3 d5 2. d4 Nf6 3. c4 c6 4. Nc3 e6 5. Bg5 h6 6. Bxf6 Qxf6 7. e3 Nd7 8. Bd3
g6 9. O-O dxc4 10. Bxc4 Bg7 11. e4 O-O 12. e5 Qe7 13. Qe2 b6 14. Rfe1 a6 15. Bd3
Bb7 16. Be4 Rfd8 17. Rac1 Rab8 18. a3 a5 19. Na4 c5 20. Bxb7 Rxb7 21. dxc5 Nxc5
22. Nxc5 bxc5 23. Rc2 Rd5 24. h3 Qc7 25. Qe4 Qb8 26. Ree2 Rb3 27. Qa4 Rxf3 28.
gxf3 Bxe5 29. Re4 Bxb2 30. Kg2 Qb6 31. Rce2 Kg7 32. R2e3 Bd4 33. Rb3 Qc7 34. f4
Rf5 35. Rf3 Qb7 36. Qc2 Qd5 37. Qd3 Kg8 38. Kf1 Kh7 39. Kg2 Kg7 40. Kf1 Rh5 41.
Kg1 Rh4 42. Kh2 g5 43. Re1 Rxf4 44. Rxf4 gxf4 45. Qe4 Qxe4 46. Rxe4 e5 47. Kg2
c4 48. f3 c3 49. Re2 Be3 50. Ra2 f5 51. Kf1 e4 52. Ke2 Kf6 53. Rc2 Bd2 54. Ra2
Ke5 55. Ra1 Kd4 56. Rf1 exf3+ 57. Kd1 Kd3 58. Rf2 c2# 0-1

[Event "TCh-HUN 2024-25"]
[Site "Hungary HUN"]
[Date "2025.05.10"]
[Round "8.2"]
[White "Kozak, Adam"]
[Black "Nemeth, Miklos1"]
[Result "1-0"]
[WhiteTitle "GM"]
[BlackTitle "IM"]
[WhiteElo "2591"]
[BlackElo "2422"]
[WhiteTeam "ASE Paks"]
[BlackTeam "Haladas VSE"]
[WhiteFideId "753246"]
[BlackFideId "720232"]
[EventDate "2024.11.02"]

1. Nf3 d5 2. b3 Nf6 3. Bb2 e6 4. c4 Be7 5. e3 O-O 6. Nc3 dxc4 7. Bxc4 b6 8. O-O
Bb7 9. d4 Nbd7 10. Qe2 Ne4 11. Nxe4 Bxe4 12. Rfd1 a5 13. Nd2 Bb7 14. a4 Bb4 15.
Rac1 Qe7 16. Bb5 Rac8 17. Ba6 Bxa6 18. Qxa6 c5 19. Nc4 cxd4 20. Bxd4 e5 21. Bxb6
Qe6 22. Qb5 Rxc4 23. bxc4 Nxb6 24. c5 Nd5 25. c6 Nc7 26. Qb6 Qc8 27. h3 g6 28.
Rd7 Ne6 29. Qb5 Re8 30. c7 Rf8 31. Qc6 Re8 32. Rcd1 Kg7 33. R1d5 Bc5 34. Rxe5
Bb6 35. Rxe6 1-0

[Event "TCh-HUN 2024-25"]
[Site "Hungary HUN"]
[Date "2025.05.10"]
[Round "8.3"]
[White "Kovacs, Gabor2"]
[Black "Papp, Gabor1"]
[Result "0-1"]
[WhiteTitle "IM"]
[BlackTitle "GM"]
[WhiteElo "2400"]
[BlackElo "2511"]
[WhiteTeam "Haladas VSE"]
[BlackTeam "ASE Paks"]
[WhiteFideId "716219"]
[BlackFideId "718602"]
[EventDate "2024.11.02"]

1. d4 Nf6 2. c4 e6 3. Nc3 Bb4 4. e3 O-O 5. Bd2 d5 6. Nf3 b6 7. Rc1 Ba6 8. Qb3
Be7 9. Be2 c5 10. cxd5 Bxe2 11. Nxe2 exd5 12. dxc5 bxc5 13. O-O Qb6 14. Qa4 Nbd7
15. b3 a5 16. Bc3 Qa6 17. Bxf6 Nxf6 18. Nc3 Rab8 19. Qf4 Rb4 20. Qf5 g6 21. Qc2
Rfb8 22. Rfd1 c4 23. Nd4 Bc5 24. Qe2 Bxd4 25. Rxd4 Qe6 26. bxc4 Rxc4 27. Qd2 Ne4
28. Nxe4 Rxc1+ 29. Qxc1 dxe4 30. Qc2 Rc8 31. Qd2 Qxa2 32. Rd8+ Kg7 33. Qd4+ Kh6
34. h4 Qb1+ 0-1

[Event "TCh-HUN 2024-25"]
[Site "Hungary HUN"]
[Date "2025.05.10"]
[Round "8.4"]
[White "Berkes, Ferenc"]
[Black "Borhy, Marcell"]
[Result "1-0"]
[WhiteTitle "GM"]
[BlackTitle "IM"]
[WhiteElo "2600"]
[BlackElo "2356"]
[WhiteTeam "ASE Paks"]
[BlackTeam "Haladas VSE"]
[WhiteFideId "718572"]
[BlackFideId "770787"]
[EventDate "2024.11.02"]

1. d4 d5 2. c4 e6 3. Nc3 Nf6 4. Bg5 dxc4 5. e3 c5 6. Nf3 cxd4 7. exd4 Be7 8.
Bxc4 O-O 9. O-O h6 10. Bh4 Nc6 11. Re1 Nh5 12. Bxe7 Nxe7 13. Ne5 Nf6 14. a4 Qd6
15. a5 Bd7 16. Qb3 Ned5 17. Bxd5 exd5 18. h3 Be6 19. Re3 Qa6 20. Qb5 Rfc8 21.
Rae1 Qxb5 22. Nxb5 Ne4 23. f3 a6 24. Nc3 Nxc3 25. bxc3 Rc7 26. Kf2 Rac8 27. Rc1
Bd7 28. Ke2 Bb5+ 29. Kd2 b6 30. axb6 Rb7 31. Rb1 Rxb6 32. Nd3 Re6 33. Rxe6 fxe6
34. Ne5 g5 35. h4 Kg7 36. Rh1 Be8 37. Ra1 Bb5 38. Kc2 Rb8 39. h5 Rb7 40. Nd3 Kf6
41. Nc5 Re7 42. Nd3 Rb7 43. Ne5 Kg7 44. Kd2 Rb6 45. Rb1 Rb7 46. Ke3 Rc7 47. Rb3
Rc8 48. Ra3 Rb8 49. Ra5 Rc8 50. Kd2 Kf6 51. Kc2 Rc7 52. Ra2 Rb7 53. Kc1 Bf1 54.
f4 gxf4 55. Rf2 Bb5 56. Rxf4+ Kg5 57. Rg4+ Kxh5 58. Rg6 Re7 59. Kd2 Be8 60. Rg8
a5 61. Nd3 1-0

[Event "TCh-HUN 2024-25"]
[Site "Hungary HUN"]
[Date "2025.05.10"]
[Round "8.5"]
[White "Meszaros, Tamas"]
[Black "Acs, Peter"]
[Result "1-0"]
[WhiteTitle "IM"]
[BlackTitle "GM"]
[WhiteElo "2376"]
[BlackElo "2585"]
[WhiteTeam "Haladas VSE"]
[BlackTeam "ASE Paks"]
[WhiteFideId "717410"]
[BlackFideId "708020"]
[EventDate "2024.11.02"]

1. Nf3 d5 2. g3 Nf6 3. Bg2 c6 4. O-O Bg4 5. h3 Bh5 6. d4 e6 7. c4 Nbd7 8. cxd5
exd5 9. Ne5 Bg6 10. Nc3 Bb4 11. Qb3 Qa5 12. f4 Nxe5 13. dxe5 Ne4 14. f5 Nxg3 15.
fxg6 hxg6 16. Rf2 Nf5 17. e4 Nh4 18. Be3 Bc5 19. Bxc5 Qxc5 20. Qxb7 O-O 21. exd5
Rab8 22. Qxc6 Qe3 23. Qc4 Rxb2 24. Nd1 Qe1+ 25. Qf1 1-0

[Event "TCh-HUN 2024-25"]
[Site "Hungary HUN"]
[Date "2025.05.10"]
[Round "8.6"]
[White "Fodor, Tamas Jr."]
[Black "Gombocz, Ferenc Jr."]
[Result "1-0"]
[WhiteTitle "GM"]
[BlackTitle "FM"]
[WhiteElo "2518"]
[BlackElo "2333"]
[WhiteTeam "ASE Paks"]
[BlackTeam "Haladas VSE"]
[WhiteFideId "723762"]
[BlackFideId "775029"]
[EventDate "2024.11.02"]

1. e4 c6 2. Nf3 d5 3. d3 dxe4 4. dxe4 Qxd1+ 5. Kxd1 Nf6 6. Nbd2 g6 7. Ne1 Bh6 8.
f3 O-O 9. c3 b6 10. a4 Be6 11. Kc2 Nfd7 12. h4 Nc5 13. Ra3 a5 14. h5 Bf4 15. Nd3
Nxd3 16. Bxd3 Rd8 17. Nc4 Bxc1 18. Rxc1 Nd7 19. hxg6 hxg6 20. Ne3 Nc5 21. Be2
Ra7 22. Rd1 Rxd1 23. Bxd1 f5 24. exf5 gxf5 25. f4 Rd7 26. Be2 Kg7 27. b4 Ne4 28.
Bd3 Ng3 29. Bc4 Bd5 30. Bxd5 cxd5 31. c4 dxc4 32. Nxc4 Ne2 33. Nxb6 axb4 34.
Rg3+ Nxg3 35. Nxd7 Ne2 36. g3 Nd4+ 37. Kd3 b3 38. Kc3 Kf7 39. a5 Ke6 40. Nb6 b2
41. Kxb2 Kd6 42. a6 Nb5 43. Nc8+ Kc7 44. Nxe7 Nd6 45. Kc3 Ne4+ 46. Kc4 Nxg3 47.
Kb5 Ne4 48. Nd5+ Kc8 49. Kb6 1-0